000 00652nam a2200241 a 4500
001 0001-1230
003 ELIB.Books
008 150529 2010 eng
020 _a0310200423
035 _a(ELIB.Books)0001-1385
092 _a246.7
_bKav
100 _aKavanaugh, Patrick.
245 _aSpiritual Moments with the Great Composers
260 _aGrand Rapids
_bZondervan Publishing House
_c1995
300 _a192
_c21 Cm
500 _aC/o Moe Tarmalar Paw
650 _aMusic-Religious Aspects
856 _nKBTS: Library
_uKBTS: Elib
942 _2ddc
_cBK
990 _a2
998 _cbat
_e2015-05-29
999 _c11230
_d11230